| 000 | 00616nam a22001817a 4500 | ||
|---|---|---|---|
| 005 | 20170615155934.0 | ||
| 010 | _aENG-118660 | ||
| 020 |
_a9788184655483 _c350.00 |
||
| 035 | _aEN-102192 | ||
| 037 | _bDBAD/PUB | ||
| 082 | _a280.66 | ||
| 245 |
_aAd gentes mission and inter gentes missioon: _cEdited by Joy Thomas, SVD K. Jose and SVD _bInnovative pratices today / |
||
| 260 |
_aDelhi _bISPCK _c2017 |
||
| 270 | _aPost Box 1585, 1654, Madarsa Road, Kashmere Gate, Delhi-110006 | ||
| 300 |
_axxxvi,213p _c23cm.(pbk) |
||
| 700 | _aJoy Thomas SVD and K. Jose SVD | ||
| 942 |
_2ddc _cEN _h280.66 _mADG |
||
| 999 |
_c141134 _d141134 |
||